书目信息 |
| 题名: |
灾害地质学
|
|
| 作者: | 潘懋 , 李铁锋 编著 | |
| 分册: | ||
| 出版信息: | 北京 北京大学出版社 2012.01 |
|
| 页数: | 272页 | |
| 开本: | 26cm | |
| 丛书名: | ||
| 单 册: | ||
| 中图分类: | P694 | |
| 科图分类: | ||
| 主题词: | 灾害学--地质学--教材 , 灾害学 , 地质学 | |
| 电子资源: | ||
| ISBN: | 978-7-301-19927-5 | |
| 000 | 00963nam0 2200277 450 | |
| 001 | 010020003889 | |
| 005 | 20221010154313.28 | |
| 010 | @a978-7-301-19927-5@dCNY38.00 | |
| 100 | @a20120209d2012 em y0chiy0110 ea | |
| 101 | 0 | @achi |
| 102 | @aCN@b110000 | |
| 105 | @ay z 000yy | |
| 200 | 1 | @a灾害地质学@9zai hai di zhi xue@f潘懋,李铁锋编著 |
| 205 | @a2版 | |
| 210 | @a北京@c北京大学出版社@d2012.01 | |
| 215 | @a272页@d26cm | |
| 300 | @a国家地质学基础科学研究和教学人才培养基地系列教材 | |
| 330 | @a本书阐述了灾害地质学的理论体系与研究方法,概括了灾害地质学的基本概念、基本理论和基本方法,论述了自然作用和人为活动影响下形成的主要地质灾害,介绍了各种地质灾害的监测预报方法和防治措施等。 | |
| 606 | 0 | @a灾害学@x地质学@j教材 |
| 606 | 0 | @a灾害学 |
| 606 | 0 | @a地质学 |
| 690 | @aP694@v5 | |
| 701 | 0 | @a潘懋@9pan mao@f(1954~)@4编著 |
| 701 | 0 | @a李铁锋@9li tie feng@c(地质科学)@4编著 |
| 801 | 0 | @aCN@bNLC@c20120515 |
| 905 | @b547442-46@dP694@e49=2@f5 | |
| 灾害地质学/潘懋,李铁锋编著.-2版.-北京:北京大学出版社,2012.01 |
| 272页;26cm |
| 国家地质学基础科学研究和教学人才培养基地系列教材 |
| ISBN 978-7-301-19927-5:CNY38.00 |
| 本书阐述了灾害地质学的理论体系与研究方法,概括了灾害地质学的基本概念、基本理论和基本方法,论述了自然作用和人为活动影响下形成的主要地质灾害,介绍了各种地质灾害的监测预报方法和防治措施等。 |
| ● |
| 相关链接 |
|
|
|
|
正题名:灾害地质学
索取号:P694/49=2
 
预约/预借
| 序号 | 登录号 | 条形码 | 馆藏地/架位号 | 状态 | 备注 |
| 1 | 547442 | 205474422 | 第二样本阅览室/ [索取号:P694/49=2] | 在馆 | |
| 2 | 547443 | 205474431 | 第三借阅区/ [索取号:P694/49=2] | 在馆 | |
| 3 | 547444 | 205474440 | 第三借阅区/ [索取号:P694/49=2] | 在馆 | |
| 4 | 547445 | 205474459 | 第三借阅区/ [索取号:P694/49=2] | 在馆 | |
| 5 | 547446 | 205474468 | 第三借阅区/ [索取号:P694/49=2] | 在馆 |